| 000 | 00525nam a2200145 a 4500 | ||
|---|---|---|---|
| 008 | 120416s1988 ||||||||||||||||| || u | ||
| 020 | _a0521265959 | ||
| 050 | _aPN 2035 Cam | ||
| 100 | _aBanham, Martin | ||
| 245 | 1 | 4 |
_aThe Cambridge guide to world theatre _cedited by Martin Banham |
| 260 |
_aCambridge: _bThe University Press _c1988 |
||
| 350 | _a0.00 | ||
| 650 | _aTHEATER--DICTIONARIES | ||
| 995 |
_D0.00 _FCBU-MAIN LIBRARY (Kitwe) _H1 _I35.00 _M1 _UREFERENCE _ZReference Collection |
||
| 999 |
_c36634 _d36634 |
||